Copperas Cove, Texas /

Bibliographic Details
Corporate Author: Datacomp Map Co
Format: Map
Language:English
Published: Round Rock, Tex. : Datacomp Map Co., [1979]
Subjects:

MARC

Tag First Indicator Second Indicator Subfields
LEADER 00000cem a2200000 a 4500
001 in00002781291
005 20150922104930.0
007 aj canzn
008 830329s1979 txu a 1 eng
010 |a  83693201  
034 1 |a a  |b 19200 
035 |a (OCoLC)ocm09621728 
035 |a (OCoLC)9621728 
037 |b Datacomp Map Co., 9004 Anderson Mill Road, Round Rock, Texas 78664 
040 |a DLC  |c DLC  |d OCL  |d OCLCQ  |d TXA  |d UtOrBLW 
043 |a n-us-tx 
049 |a TXAM 
050 0 0 |a G4034.C69 1979  |b .D3 
052 |a 4034  |b C69 
110 2 |a Datacomp Map Co. 
245 1 0 |a Copperas Cove, Texas /  |c [prepared for] Copperas Cove Chamber of Commerce. 
246 1 |i Panel title:  |a Copperas Cove, Texas : the city built for family living, official map. 
255 |a Scale [1:19,200]. 1 in. equals approx. .26 miles. 
264 1 |a Round Rock, Tex. :  |b Datacomp Map Co.,  |c [1979] 
264 4 |c ©1979 
300 |a 1 map :  |b color ;  |c 41 x 54 cm., folded to 22 x 10 cm. 
336 |a cartographic image  |b cri  |2 rdacontent 
337 |a unmediated  |b n  |2 rdamedia 
338 |a sheet  |b nb  |2 rdacarrier 
500 |a In lower left corner: Associated Arts, Mapping/Drafting/Graphic Arts. 
500 |a Indexed. 
500 |a Text, col. ill., and list of map sponsors on verso. 
500 |a Cartographic material. 
651 0 |a Copperas Cove (Tex.)  |v Maps. 
948 |a cataloged  |b h  |c 2012/8/1  |d c  |e jgreene  |f 4:42:53 pm 
994 |a C0  |b TXA 
999 |a MARS 
999 f f |s e1dc3467-8355-3dea-b159-7c1886294cd1  |i 1b5e286c-120b-3a34-88d7-801eff109d91  |t 0 
952 f f |p normal  |a Texas A&M University  |b College Station  |c Sterling C. Evans Library  |d Evans: Maps (2nd floor)  |t 0  |e G4034.C69 1979 .D3  |h Library of Congress classification  |i unmediated -- sheet  |m A14841101286 
998 f f |a G4034.C69 1979 .D3  |t 0  |l Evans: Maps (2nd floor)